[Event "EYCC 2024 - O12"]
[Site "?"]
[Date "2024.08.28"]
[Round "6.11"]
[White "Filindash, Nikita"]
[Black "Marynychenko, Yehor"]
[Result "0-1"]
[BlackElo "2015"]
[WhiteElo "2067"]
[LiveChessVersion "1.4.8"]

1. d4 {[%clk 1:30:58]} Nf6 {[%clk 1:30:53]} 2. c4 {[%clk 1:31:25]} g6
{[%clk 1:31:19]} 3. Nc3 {[%clk 1:31:52]} Bg7 {[%clk 1:31:45]} 4. e4
{[%clk 1:32:17]} d6 {[%clk 1:32:11]} 5. Nge2 {[%clk 1:32:39]} O-O
{[%clk 1:27:01]} 6. Ng3 {[%clk 1:33:05]} Nbd7 {[%clk 1:19:11]} 7. Be2
{[%clk 1:33:24]} e5 {[%clk 1:17:13]} 8. d5 {[%clk 1:33:53]} a5 {[%clk 1:14:56]}
9. h4 {[%clk 1:34:12]} h6 {[%clk 1:08:33]} 10. Be3 {[%clk 1:24:32]} Nc5
{[%clk 1:04:46]} 11. Qd2 {[%clk 1:23:35]} Kh7 {[%clk 1:03:04]} 12. f3
{[%clk 1:14:00]} Ne8 {[%clk 0:58:58]} 13. O-O-O {[%clk 1:10:34]} Bd7
{[%clk 0:55:38]} 14. Rdg1 {[%clk 1:07:44]} a4 {[%clk 0:48:07]} 15. Kb1
{[%clk 1:07:20]} Rb8 {[%clk 0:44:56]} 16. Nf1 {[%clk 0:47:26]} f5
{[%clk 0:41:55]} 17. exf5 {[%clk 0:43:00]} Bxf5+ {[%clk 0:41:06]} 18. Kc1
{[%clk 0:43:16]} e4 {[%clk 0:34:17]} 19. g4 {[%clk 0:42:07]} exf3
{[%clk 0:33:50]} 20. gxf5 {[%clk 0:42:29]} fxe2 {[%clk 0:34:14]} 21. fxg6+
{[%clk 0:40:42]} Kg8 {[%clk 0:34:03]} 22. Ng3 {[%clk 0:40:42]} Qe7
{[%clk 0:26:30]} 23. Kb1 {[%clk 0:27:32]} Bxc3 {[%clk 0:22:58]} 24. bxc3
{[%clk 0:16:48]} Ne4 {[%clk 0:22:58]} 25. Nxe4 {[%clk 0:14:14]} Qxe4+
{[%clk 0:22:57]} 26. Ka1 {[%clk 0:14:42]} Qxc4 {[%clk 0:20:45]} 27. Re1
{[%clk 0:13:23]} Rf1 {[%clk 0:19:03]} 28. Rh2 {[%clk 0:12:42]} Rxe1+
{[%clk 0:16:06]} 29. Qxe1 {[%clk 0:13:11]} Nf6 {[%clk 0:14:49]} 30. Bd4
{[%clk 0:13:29]} Re8 {[%clk 0:13:37]} 31. Rh1 {[%clk 0:06:49]} Qxd5
{[%clk 0:12:54]} 32. Rg1 {[%clk 0:07:18]} Qf3 {[%clk 0:11:21]} 33. c4
{[%clk 0:05:21]} c5 {[%clk 0:11:26]} 34. Bc3 {[%clk 0:05:31]} Ne4
{[%clk 0:10:30]} 35. Ba5 {[%clk 0:04:35]} b6 {[%clk 0:10:37]} 36. Bd2
{[%clk 0:04:00]} Nxd2 {[%clk 0:10:32]} 37. Qxd2 {[%clk 0:04:28]} Qf1+
{[%clk 0:10:36]} 38. Qe1 {[%clk 0:03:57]} Qxg1 {[%clk 0:10:52]} 0-1

[Event "EYCC 2024 - O12"]
[Site "?"]
[Date "2024.08.28"]
[Round "6.12"]
[White "Verbytski, Oleg"]
[Black "Sakotic, Nikola"]
[Result "1/2-1/2"]
[BlackElo "1984"]
[WhiteElo "2060"]
[LiveChessVersion "1.4.8"]

1. e4 {[%clk 1:30:57]} c5 {[%clk 1:30:09]} 2. Nf3 {[%clk 1:31:23]} d6
{[%clk 1:30:32]} 3. d4 {[%clk 1:31:50]} cxd4 {[%clk 1:30:57]} 4. Nxd4
{[%clk 1:32:17]} Nf6 {[%clk 1:31:16]} 5. Nc3 {[%clk 1:32:38]} g6 {[%clk 1:31:20]}
6. Be3 {[%clk 1:31:43]} Bg7 {[%clk 1:31:11]} 7. f3 {[%clk 1:30:52]} Nc6
{[%clk 1:31:34]} 8. Bc4 {[%clk 1:29:50]} O-O {[%clk 1:31:57]} 9. Qd2
{[%clk 1:30:01]} Nxd4 {[%clk 1:24:47]} 10. Bxd4 {[%clk 1:30:14]} Be6
{[%clk 1:25:09]} 11. Bxe6 {[%clk 1:28:46]} fxe6 {[%clk 1:24:22]} 12. O-O-O
{[%clk 1:28:32]} Qa5 {[%clk 1:23:27]} 13. Kb1 {[%clk 1:27:34]} Rac8
{[%clk 1:23:39]} 14. Nd5 {[%clk 1:07:28]} Qxd2 {[%clk 1:23:29]} 15. Nxf6+
{[%clk 1:07:51]} Bxf6 {[%clk 1:23:37]} 16. Rxd2 {[%clk 1:08:14]} Bg5
{[%clk 1:22:31]} 17. Rd3 {[%clk 1:08:14]} b6 {[%clk 1:22:45]} 18. h4
{[%clk 1:04:07]} Bf4 {[%clk 1:09:23]} 19. h5 {[%clk 1:03:49]} e5 {[%clk 1:08:24]}
20. Bf2 {[%clk 1:01:12]} Kg7 {[%clk 1:03:10]} 21. a4 {[%clk 0:52:17]} Rc7
{[%clk 0:50:11]} 22. c3 {[%clk 0:43:06]} Rb8 {[%clk 0:44:00]} 23. Rd5
{[%clk 0:41:50]} Rc4 {[%clk 0:41:21]} 24. a5 {[%clk 0:38:33]} bxa5
{[%clk 0:40:43]} 25. Be1 {[%clk 0:29:11]} a4 {[%clk 0:36:00]} 26. Ra5
{[%clk 0:28:52]} Be3 {[%clk 0:35:59]} 27. hxg6 {[%clk 0:26:53]} hxg6
{[%clk 0:35:42]} 28. Kc2 {[%clk 0:27:19]} Bb6 {[%clk 0:34:35]} 29. Ra6
{[%clk 0:27:17]} Rcc8 {[%clk 0:33:29]} 30. Bh4 {[%clk 0:25:28]} Rh8
{[%clk 0:32:57]} 31. Rh3 {[%clk 0:25:50]} Kf7 {[%clk 0:19:06]} 32. Rxa4
{[%clk 0:26:11]} Be3 {[%clk 0:17:30]} 33. Kd3 {[%clk 0:24:56]} Bc1
{[%clk 0:17:13]} 34. b4 {[%clk 0:25:04]} g5 {[%clk 0:14:59]} 35. Bf2
{[%clk 0:25:28]} Rxh3 {[%clk 0:14:45]} 36. gxh3 {[%clk 0:25:54]} Rh8
{[%clk 0:14:59]} 37. Rxa7 {[%clk 0:25:29]} Rxh3 {[%clk 0:15:19]} 38. Ke2
{[%clk 0:25:11]} g4 {[%clk 0:15:11]} 39. fxg4 {[%clk 0:24:16]} Rxc3
{[%clk 0:15:35]} 40. b5 {[%clk 0:22:11]} Rb3 {[%clk 0:15:56]} 41. b6
{[%clk 0:14:37]} 1/2-1/2

[Event "EYCC 2024 - O12"]
[Site "?"]
[Date "2024.08.28"]
[Round "6.13"]
[White "Jalving, August"]
[Black "Ibrahimli, Suat"]
[Result "1-0"]
[BlackElo "1893"]
[WhiteElo "2027"]
[LiveChessVersion "1.4.8"]

1. e4 {[%clk 1:30:57]} c5 {[%clk 1:30:56]} 2. Nf3 {[%clk 1:31:23]} e6
{[%clk 1:31:22]} 3. d4 {[%clk 1:31:45]} cxd4 {[%clk 1:31:49]} 4. Nxd4
{[%clk 1:32:07]} Nf6 {[%clk 1:31:51]} 5. Bd3 {[%clk 1:30:22]} d6 {[%clk 1:32:13]}
6. O-O {[%clk 1:30:20]} Be7 {[%clk 1:29:57]} 7. c4 {[%clk 1:28:22]} Nc6
{[%clk 1:30:19]} 8. Nc2 {[%clk 1:24:54]} Ne5 {[%clk 1:26:49]} 9. Nc3
{[%clk 1:24:37]} Nxd3 {[%clk 1:20:09]} 10. Qxd3 {[%clk 1:24:48]} b6
{[%clk 1:19:00]} 11. Bf4 {[%clk 1:22:08]} Bb7 {[%clk 1:16:14]} 12. Rad1
{[%clk 1:21:43]} O-O {[%clk 1:15:36]} 13. f3 {[%clk 1:20:38]} Qc8
{[%clk 1:12:39]} 14. Ne3 {[%clk 1:10:55]} Rd8 {[%clk 1:10:17]} 15. g4
{[%clk 1:01:47]} a6 {[%clk 0:55:41]} 16. Rf2 {[%clk 0:54:21]} Nd7
{[%clk 0:47:58]} 17. Rfd2 {[%clk 0:54:05]} Ne5 {[%clk 0:35:29]} 18. Qe2
{[%clk 0:46:55]} Qc5 {[%clk 0:33:44]} 19. Kg2 {[%clk 0:39:32]} Ng6
{[%clk 0:33:10]} 20. Bg3 {[%clk 0:39:13]} Bg5 {[%clk 0:33:09]} 21. Rd3
{[%clk 0:37:22]} h5 {[%clk 0:29:55]} 22. h3 {[%clk 0:34:43]} h4 {[%clk 0:28:44]}
23. Bh2 {[%clk 0:35:02]} Bf4 {[%clk 0:29:01]} 24. Na4 {[%clk 0:28:30]} Qb4
{[%clk 0:27:38]} 25. Ra3 {[%clk 0:25:16]} Rac8 {[%clk 0:22:07]} 26. Kh1
{[%clk 0:16:35]} Bxh2 {[%clk 0:17:42]} 27. Kxh2 {[%clk 0:14:24]} Qa5
{[%clk 0:13:57]} 28. Nc3 {[%clk 0:13:57]} Qe5+ {[%clk 0:13:42]} 29. Kh1
{[%clk 0:14:05]} Qg3 {[%clk 0:12:09]} 30. Qg2 {[%clk 0:14:01]} Qf4
{[%clk 0:10:21]} 31. Qf2 {[%clk 0:11:50]} Ne5 {[%clk 0:06:10]} 32. Kg2
{[%clk 0:11:17]} b5 {[%clk 0:00:41]} 33. cxb5 {[%clk 0:10:15]} axb5
{[%clk 0:01:09]} 34. Ra7 {[%clk 0:09:31]} Ba8 {[%clk 0:01:00]} 35. Nxb5
{[%clk 0:05:48]} Nxf3 {[%clk 0:00:35]} 36. Rxa8 {[%clk 0:05:29]} 1-0

[Event "EYCC 2024 - O12"]
[Site "?"]
[Date "2024.08.28"]
[Round "6.14"]
[White "Akkus, Muhammed Ali"]
[Black "Lilliehook, Victor"]
[Result "1-0"]
[BlackElo "2040"]
[WhiteElo "1698"]
[LiveChessVersion "1.4.8"]

1. e4 {[%clk 1:30:55]} c5 {[%clk 1:31:00]} 2. Nc3 {[%clk 1:30:30]} Nc6
{[%clk 1:31:24]} 3. Bb5 {[%clk 1:29:47]} Nd4 {[%clk 1:31:48]} 4. Nf3
{[%clk 1:27:38]} e6 {[%clk 1:32:04]} 5. O-O {[%clk 1:23:22]} a6 {[%clk 1:32:28]}
6. Bd3 {[%clk 1:21:58]} Nxf3+ {[%clk 1:32:46]} 7. Qxf3 {[%clk 1:21:19]} Bd6
{[%clk 1:33:10]} 8. b3 {[%clk 1:11:58]} Qc7 {[%clk 1:33:08]} 9. g3
{[%clk 1:07:06]} Be5 {[%clk 1:31:21]} 10. Bb2 {[%clk 1:01:24]} Nf6
{[%clk 1:31:42]} 11. Rae1 {[%clk 1:00:08]} O-O {[%clk 1:30:26]} 12. Na4
{[%clk 0:54:41]} b5 {[%clk 1:22:00]} 13. Bxe5 {[%clk 0:53:12]} Qxe5
{[%clk 1:22:21]} 14. Nb6 {[%clk 0:52:27]} Rb8 {[%clk 1:22:31]} 15. Nxc8
{[%clk 0:52:51]} Rfxc8 {[%clk 1:23:00]} 16. Qe2 {[%clk 0:46:18]} d5
{[%clk 1:05:56]} 17. c3 {[%clk 0:40:54]} c4 {[%clk 0:57:34]} 18. Bb1
{[%clk 0:39:59]} d4 {[%clk 0:55:01]} 19. f4 {[%clk 0:28:46]} Qc5 {[%clk 0:53:11]}
20. cxd4 {[%clk 0:27:18]} Qxd4+ {[%clk 0:53:18]} 21. Kh1 {[%clk 0:24:20]} cxb3
{[%clk 0:37:38]} 22. axb3 {[%clk 0:24:39]} Rd8 {[%clk 0:37:04]} 23. Rf2
{[%clk 0:23:30]} e5 {[%clk 0:34:03]} 24. Ref1 {[%clk 0:18:11]} Nd7
{[%clk 0:30:19]} 25. Qh5 {[%clk 0:13:18]} f6 {[%clk 0:22:20]} 26. Qf5
{[%clk 0:07:52]} Kh8 {[%clk 0:20:03]} 27. h4 {[%clk 0:04:31]} Rbc8
{[%clk 0:07:42]} 28. h5 {[%clk 0:04:27]} Rc1 {[%clk 0:05:25]} 29. Rxc1
{[%clk 0:03:49]} Qxf2 {[%clk 0:05:52]} 30. Qxd7 {[%clk 0:02:52]} Qf3+
{[%clk 0:04:47]} 31. Kh2 {[%clk 0:03:05]} Qxh5+ {[%clk 0:04:23]} 32. Kg1
{[%clk 0:03:27]} Qd1+ {[%clk 0:04:09]} 33. Rxd1 {[%clk 0:03:38]} Rxd7
{[%clk 0:04:39]} 34. fxe5 {[%clk 0:02:41]} fxe5 {[%clk 0:05:08]} 35. Rc1
{[%clk 0:03:09]} Kg8 {[%clk 0:04:34]} 36. d3 {[%clk 0:03:24]} Kf7
{[%clk 0:04:02]} 37. Rc5 {[%clk 0:03:51]} Kf6 {[%clk 0:03:44]} 38. Rc6+
{[%clk 0:03:48]} Kg5 {[%clk 0:03:27]} 39. Kg2 {[%clk 0:03:01]} b4
{[%clk 0:03:18]} 40. Bc2 {[%clk 0:02:48]} h5 {[%clk 0:02:29]} 41. Rc4
{[%clk 0:02:51]} a5 {[%clk 0:02:22]} 42. Rc5 {[%clk 0:03:18]} Kf6
{[%clk 0:02:46]} 43. Kf3 {[%clk 0:03:06]} g6 {[%clk 0:02:39]} 44. Ke3
{[%clk 0:03:17]} Ra7 {[%clk 0:02:22]} 45. Bd1 {[%clk 0:03:34]} Ra6
{[%clk 0:02:25]} 46. Kd2 {[%clk 0:03:49]} Ra7 {[%clk 0:02:38]} 47. Rc6+
{[%clk 0:04:14]} Kg5 {[%clk 0:02:51]} 48. Re6 {[%clk 0:04:39]} h4
{[%clk 0:01:53]} 49. gxh4+ {[%clk 0:04:57]} Kxh4 {[%clk 0:02:20]} 50. Rxg6
{[%clk 0:05:17]} Rc7 {[%clk 0:02:42]} 51. Rg4+ {[%clk 0:04:58]} Kh3
{[%clk 0:03:11]} 52. Rg5 {[%clk 0:05:11]} Re7 {[%clk 0:03:24]} 53. Ke3
{[%clk 0:05:20]} Kh4 {[%clk 0:03:32]} 54. Rg4+ {[%clk 0:05:14]} Kh3
{[%clk 0:04:01]} 55. Bf3 {[%clk 0:05:24]} Rc7 {[%clk 0:03:37]} 56. Rg5
{[%clk 0:05:25]} Rc5 {[%clk 0:03:21]} 57. Kf2 {[%clk 0:05:43]} Rc2+
{[%clk 0:03:13]} 58. Be2 {[%clk 0:06:04]} 1-0

[Event "EYCC 2024 - O12"]
[Site "?"]
[Date "2024.08.28"]
[Round "6.15"]
[White "Nguyen, Khoi"]
[Black "Hellerud, Lauritz Nissen"]
[Result "1/2-1/2"]
[BlackElo "1873"]
[WhiteElo "2108"]
[LiveChessVersion "1.4.8"]

1. d4 {[%clk 1:30:56]} d5 {[%clk 1:30:54]} 2. c4 {[%clk 1:31:18]} e6
{[%clk 1:31:18]} 3. Nf3 {[%clk 1:31:38]} c5 {[%clk 1:31:36]} 4. cxd5
{[%clk 1:31:24]} exd5 {[%clk 1:31:56]} 5. g3 {[%clk 1:31:44]} Nc6
{[%clk 1:32:17]} 6. Bg2 {[%clk 1:32:05]} Nf6 {[%clk 1:32:39]} 7. O-O
{[%clk 1:32:22]} Be7 {[%clk 1:33:05]} 8. dxc5 {[%clk 1:32:46]} Bxc5
{[%clk 1:33:28]} 9. Qc2 {[%clk 1:32:57]} Bb6 {[%clk 1:33:51]} 10. Nc3
{[%clk 1:33:18]} O-O {[%clk 1:34:11]} 11. Na4 {[%clk 1:33:42]} Re8
{[%clk 1:34:09]} 12. Nxb6 {[%clk 1:31:53]} Qxb6 {[%clk 1:34:30]} 13. Bg5
{[%clk 1:25:17]} Ng4 {[%clk 1:34:49]} 14. h3 {[%clk 1:14:26]} Nge5
{[%clk 1:35:09]} 15. Nxe5 {[%clk 0:54:05]} Rxe5 {[%clk 1:35:29]} 16. Qd2
{[%clk 0:51:54]} Qd4 {[%clk 1:22:55]} 17. Rfe1 {[%clk 0:50:07]} Qxd2
{[%clk 1:23:09]} 18. Bxd2 {[%clk 0:50:26]} Re8 {[%clk 1:15:47]} 19. Rac1
{[%clk 0:46:11]} Be6 {[%clk 1:13:36]} 20. b3 {[%clk 0:41:24]} Rac8
{[%clk 1:12:59]} 21. Bc3 {[%clk 0:41:32]} f6 {[%clk 1:06:16]} 22. e3
{[%clk 0:40:14]} Red8 {[%clk 1:06:00]} 23. Red1 {[%clk 0:39:48]} Bf7
{[%clk 1:02:40]} 24. Bb2 {[%clk 0:33:17]} b6 {[%clk 0:44:57]} 25. Kf1
{[%clk 0:25:31]} Be6 {[%clk 0:34:14]} 26. Rc2 {[%clk 0:21:01]} Ne7
{[%clk 0:27:34]} 27. Rcd2 {[%clk 0:19:57]} Rc7 {[%clk 0:20:56]} 28. e4
{[%clk 0:18:34]} Rcd7 {[%clk 0:18:41]} 29. Ba3 {[%clk 0:18:52]} Kf7
{[%clk 0:11:47]} 30. Bxe7 {[%clk 0:19:06]} Kxe7 {[%clk 0:12:08]} 31. exd5
{[%clk 0:19:27]} Bf7 {[%clk 0:12:23]} 32. f4 {[%clk 0:15:15]} Rd6
{[%clk 0:12:19]} 33. Kf2 {[%clk 0:14:12]} f5 {[%clk 0:10:30]} 34. Bf3
{[%clk 0:14:32]} h5 {[%clk 0:10:16]} 35. h4 {[%clk 0:11:25]} g6 {[%clk 0:10:24]}
36. Rd4 {[%clk 0:09:29]} R8d7 {[%clk 0:09:54]} 37. Ke3 {[%clk 0:09:18]} Kd8
{[%clk 0:10:10]} 38. R1d3 {[%clk 0:06:58]} Re7+ {[%clk 0:09:06]} 39. Kd2
{[%clk 0:06:31]} Red7 {[%clk 0:05:12]} 40. Rc3 {[%clk 0:06:51]} Ke7
{[%clk 0:04:37]} 41. Rcd3 {[%clk 0:06:35]} Kd8 {[%clk 0:04:39]} 42. Rc4
{[%clk 0:06:46]} Ke7 {[%clk 0:01:25]} 43. Rc6 {[%clk 0:06:47]} Rxc6
{[%clk 0:00:40]} 44. dxc6 {[%clk 0:07:09]} Rxd3+ {[%clk 0:00:32]} 45. Kxd3
{[%clk 0:07:33]} Kd6 {[%clk 0:00:54]} 46. Kd4 {[%clk 0:07:56]} Be8
{[%clk 0:00:35]} 47. c7 {[%clk 0:04:44]} Kxc7 {[%clk 0:00:51]} 48. Ke5
{[%clk 0:05:05]} a5 {[%clk 0:00:48]} 49. Bd5 {[%clk 0:05:29]} b5 {[%clk 0:00:38]}
50. Kf6 {[%clk 0:05:41]} Kd6 {[%clk 0:00:54]} 51. Bf7 {[%clk 0:06:04]} Bxf7
{[%clk 0:01:16]} 52. Kxf7 {[%clk 0:06:26]} Kc5 {[%clk 0:01:39]} 53. Kxg6
{[%clk 0:06:29]} Kb4 {[%clk 0:00:57]} 54. a4 {[%clk 0:02:44]} bxa4
{[%clk 0:01:13]} 55. bxa4 {[%clk 0:03:09]} Kxa4 {[%clk 0:01:09]} 56. Kxf5
{[%clk 0:03:29]} Kb3 {[%clk 0:01:30]} 57. Kg5 {[%clk 0:03:29]} a4
{[%clk 0:01:26]} 58. f5 {[%clk 0:03:55]} a3 {[%clk 0:01:50]} 59. f6
{[%clk 0:04:22]} a2 {[%clk 0:02:13]} 60. f7 {[%clk 0:04:48]} a1=Q
{[%clk 0:02:35]} 61. f8=Q {[%clk 0:05:03]} Qe5+ {[%clk 0:01:51]} 62. Qf5
{[%clk 0:04:24]} Qxg3+ {[%clk 0:01:57]} 63. Kxh5 {[%clk 0:04:48]} Qg8
{[%clk 0:01:51]} 64. Qg6 {[%clk 0:02:22]} Qh8+ {[%clk 0:02:03]} 65. Kg4
{[%clk 0:02:10]} Qd4+ {[%clk 0:02:06]} 66. Kh3 {[%clk 0:02:24]} Kb2
{[%clk 0:01:04]} 67. h5 {[%clk 0:02:09]} Qe3+ {[%clk 0:01:20]} 68. Kg4
{[%clk 0:02:10]} Qg1+ {[%clk 0:01:28]} 69. Kf5 {[%clk 0:01:59]} Qf2+
{[%clk 0:01:31]} 70. Ke6 {[%clk 0:02:14]} Qb6+ {[%clk 0:01:30]} 71. Kf7
{[%clk 0:02:36]} Qc7+ {[%clk 0:01:33]} 72. Kg8 {[%clk 0:03:00]} Qd8+
{[%clk 0:01:45]} 73. Kh7 {[%clk 0:03:27]} Ka3 {[%clk 0:01:32]} 74. h6
{[%clk 0:02:40]} Qe7+ {[%clk 0:01:03]} 75. Qg7 {[%clk 0:03:05]} Qe4+
{[%clk 0:01:23]} 76. Kg8 {[%clk 0:03:29]} Qe6+ {[%clk 0:01:35]} 77. Kf8
{[%clk 0:03:23]} Qc8+ {[%clk 0:01:27]} 78. Kf7 {[%clk 0:03:48]} Qd7+
{[%clk 0:01:03]} 79. Kf6 {[%clk 0:03:58]} Qd4+ {[%clk 0:00:35]} 80. Kg5
{[%clk 0:03:22]} Qg1+ {[%clk 0:00:33]} 81. Kf4 {[%clk 0:02:33]} Qf2+
{[%clk 0:00:49]} 82. Ke4 {[%clk 0:02:38]} Qe2+ {[%clk 0:01:03]} 83. Kd4
{[%clk 0:02:54]} Qd2+ {[%clk 0:01:03]} 84. Kc4 {[%clk 0:03:14]} Qb4+
{[%clk 0:00:38]} 85. Kd3 {[%clk 0:03:35]} Qb1+ {[%clk 0:00:55]} 86. Kd2
{[%clk 0:03:57]} Qa2+ {[%clk 0:01:06]} 87. Ke3 {[%clk 0:01:50]} Qe6+
{[%clk 0:01:14]} 88. Kf4 {[%clk 0:02:09]} Qd6+ {[%clk 0:01:36]} 89. Kg4
{[%clk 0:02:18]} Qd1+ {[%clk 0:01:43]} 90. Kf5 {[%clk 0:01:21]} Qd3+
{[%clk 0:02:06]} 91. Ke6 {[%clk 0:01:32]} Qc4+ {[%clk 0:02:12]} 92. Ke7
{[%clk 0:01:41]} Qc5+ {[%clk 0:02:13]} 93. Kf6 {[%clk 0:01:22]} Qd4+
{[%clk 0:02:29]} 94. Kf7 {[%clk 0:01:40]} Qd5+ {[%clk 0:02:35]} 95. Kf8
{[%clk 0:02:04]} Qd8+ {[%clk 0:02:59]} 96. Kf7 {[%clk 0:02:29]} Qd5+
{[%clk 0:03:25]} 97. Kg6 {[%clk 0:02:49]} Qe4+ {[%clk 0:03:48]} 98. Kh5
{[%clk 0:03:07]} Qh1+ {[%clk 0:03:52]} 99. Kg4 {[%clk 0:03:32]} Qg2+
{[%clk 0:03:59]} 100. Kf4 {[%clk 0:03:57]} Qf2+ {[%clk 0:04:01]} 101. Ke4
{[%clk 0:04:22]} Qe2+ {[%clk 0:04:13]} 102. Kd4 {[%clk 0:04:27]} Qd2+
{[%clk 0:04:31]} 103. Kc5 {[%clk 0:04:52]} Qb4+ {[%clk 0:04:07]} 104. Kc6
{[%clk 0:05:17]} Qa4+ {[%clk 0:04:24]} 105. Kb6 {[%clk 0:05:35]} Qb4+
{[%clk 0:04:39]} 106. Ka7 {[%clk 0:05:54]} Qa5+ {[%clk 0:04:21]} 107. Kb8
{[%clk 0:06:08]} Qb6+ {[%clk 0:04:41]} 108. Ka8 {[%clk 0:06:34]} Qc6+
{[%clk 0:04:49]} 109. Kb8 {[%clk 0:06:49]} Qb6+ {[%clk 0:05:07]} 110. Kc8
{[%clk 0:07:11]} Qc6+ {[%clk 0:05:23]} 111. Kd8 {[%clk 0:07:36]} Qd6+
{[%clk 0:05:09]} 112. Ke8 {[%clk 0:07:59]} Qc6+ {[%clk 0:05:34]} 113. Kf8
{[%clk 0:07:59]} Qc8+ {[%clk 0:05:48]} 114. Kf7 {[%clk 0:08:22]} Qc4+
{[%clk 0:06:10]} 115. Kg6 {[%clk 0:08:47]} Qe4+ {[%clk 0:06:32]} 116. Kh5
{[%clk 0:09:13]} Qh1+ {[%clk 0:06:35]} 117. Kg6 {[%clk 0:09:34]} Qe4+
{[%clk 0:07:00]} 118. Kg5 {[%clk 0:09:59]} Qe3+ {[%clk 0:06:49]} 119. Kh4
{[%clk 0:10:17]} Qf4+ {[%clk 0:06:20]} 120. Kh3 {[%clk 0:10:40]} Qf1+
{[%clk 0:05:47]} 121. Qg2 {[%clk 0:10:20]} Qf5+ {[%clk 0:06:10]} 122. Kh2
{[%clk 0:10:45]} Qh7 {[%clk 0:06:08]} 123. Qg3+ {[%clk 0:10:54]} Ka4
{[%clk 0:05:54]} 124. Qg4+ {[%clk 0:11:13]} Ka3 {[%clk 0:06:05]} 125. Qf4 1/2-1/2

[Event "EYCC 2024 - O12"]
[Site "?"]
[Date "2024.08.28"]
[Round "6.16"]
[White "Skytte, Robert"]
[Black "Nezhyvenko, Mykhaylo"]
[Result "0-1"]
[BlackElo "2107"]
[WhiteElo "1866"]
[LiveChessVersion "1.4.8"]

1. e4 {[%clk 1:30:58]} c6 {[%clk 1:30:59]} 2. Nf3 {[%clk 1:31:17]} d5
{[%clk 1:31:17]} 3. Nc3 {[%clk 1:31:42]} dxe4 {[%clk 1:31:23]} 4. Nxe4
{[%clk 1:32:04]} Nf6 {[%clk 1:31:44]} 5. Qe2 {[%clk 1:32:30]} Na6
{[%clk 1:32:05]} 6. d4 {[%clk 1:32:52]} Bf5 {[%clk 1:30:34]} 7. Nxf6+
{[%clk 1:31:50]} gxf6 {[%clk 1:30:59]} 8. c3 {[%clk 1:31:57]} Qd5
{[%clk 1:29:29]} 9. g3 {[%clk 1:30:26]} O-O-O {[%clk 1:25:50]} 10. Bg2
{[%clk 1:28:07]} Qd7 {[%clk 1:23:51]} 11. Bf4 {[%clk 1:25:54]} e5
{[%clk 1:15:29]} 12. Bxe5 {[%clk 1:09:28]} fxe5 {[%clk 1:11:55]} 13. Nxe5
{[%clk 1:09:43]} Qe6 {[%clk 1:04:55]} 14. g4 {[%clk 1:06:51]} Bg6
{[%clk 1:05:03]} 15. f4 {[%clk 1:04:59]} f6 {[%clk 1:01:21]} 16. f5
{[%clk 1:04:28]} Qd6 {[%clk 0:55:24]} 17. Nc4 {[%clk 0:52:13]} Qf4
{[%clk 0:55:22]} 18. fxg6 {[%clk 0:46:36]} Bh6 {[%clk 0:53:08]} 19. Qf3
{[%clk 0:42:31]} Qc7 {[%clk 0:52:08]} 20. O-O {[%clk 0:39:34]} hxg6
{[%clk 0:51:45]} 21. h3 {[%clk 0:39:38]} Bg5 {[%clk 0:49:04]} 22. Rae1
{[%clk 0:39:07]} Rhe8 {[%clk 0:48:01]} 23. Qd3 {[%clk 0:33:01]} Rg8
{[%clk 0:46:03]} 24. Re6 {[%clk 0:32:23]} Nc5 {[%clk 0:45:49]} 25. Qe2
{[%clk 0:31:45]} Nxe6 {[%clk 0:45:36]} 26. Qxe6+ {[%clk 0:32:12]} Kb8
{[%clk 0:45:53]} 27. Qe4 {[%clk 0:29:21]} Rde8 {[%clk 0:41:50]} 28. Qf3
{[%clk 0:29:04]} Rg7 {[%clk 0:41:41]} 29. d5 {[%clk 0:28:23]} cxd5
{[%clk 0:40:57]} 30. Qxd5 {[%clk 0:27:50]} Rd7 {[%clk 0:41:07]} 31. Qb5
{[%clk 0:27:31]} Re2 {[%clk 0:40:31]} 32. Qb4 {[%clk 0:24:44]} f5
{[%clk 0:39:28]} 33. gxf5 {[%clk 0:22:55]} Qg3 {[%clk 0:39:18]} 0-1